[Event "OPEN PLZEN 2021"]
[Site "Plzen (Ceska republika)"]
[Date "2021.08.29"]
[Round "9.3"]
[White "Flajšman, Pavel"]
[Black "Chudek, Lubomír"]
[Result "1-0"]
[WhiteElo "2179"]
[BlackElo "1777"]
[PlyCount "62"]
[EventDate "2021.08.23"]

1. d4 Nf6 2. c4 g6 3. Nf3 Bg7 4. g3 O-O 5. Bg2 c6 6. O-O d5 7. Nbd2 Nbd7 8. b3
b6 9. Bb2 Bb7 10. Qc2 Rc8 11. e4 dxe4 12. Nxe4 Nxe4 13. Qxe4 e6 14. Rad1 Qc7
15. Ne5 Ba8 16. Nxd7 Qxd7 17. c5 Qb7 18. Qc2 bxc5 19. dxc5 Bxb2 20. Qxb2 Qc7
21. h4 h5 22. Be4 Rcd8 23. Qf6 Rd7 24. Rxd7 Qxd7 25. Bf3 Qd2 26. Rd1 Qxa2 27.
Be4 Qxb3 28. Rd7 e5 29. Bxg6 Qe6 30. Bxf7+ Qxf7 31. Qg5+ Kh7 1-0

[Event "OPEN PLZEN 2021"]
[Site "Plzen (Ceska republika)"]
[Date "2021.08.29"]
[Round "9.4"]
[White "Záhorbenský, Jaroslav"]
[Black "Janouš, Marek"]
[Result "0-1"]
[WhiteElo "2086"]
[BlackElo "1965"]
[PlyCount "108"]
[EventDate "2021.08.23"]

1. e4 c5 2. Nf3 e6 3. b3 Nc6 4. Bb5 Nf6 5. e5 Nd5 6. O-O Be7 7. Bb2 O-O 8. Nc3
a6 9. Bxc6 bxc6 10. Ne4 f5 11. Ng3 Qe8 12. d3 g5 13. Nd2 g4 14. Nc4 Qg6 15. f4
h5 16. Qd2 Rf7 17. Ne2 h4 18. Nc3 Rh7 19. Na4 Qh6 20. Ba3 Qf8 21. Qa5 Nb4 22.
Bxb4 cxb4 23. Qb6 a5 24. Qe3 Ba6 25. Rfd1 h3 26. g3 c5 27. Nd6 Bxd6 28. exd6
Qxd6 29. Qxc5 Qxc5+ 30. Nxc5 Bb5 31. a4 Bc6 32. Rd2 Bd5 33. d4 d6 34. Nd3 Rc7
35. Ne1 Rac8 36. Kf2 Be4 37. Ra2 Rc3 38. Rb2 Kf7 39. Ke2 Kf6 40. Kf2 R8c6 41.
Re2 e5 42. dxe5+ dxe5 43. fxe5+ Kxe5 44. Ra2 Rd6 45. Rb2 Rd1 46. Ra2 Kd4 47.
Rb2 Bf3 48. Re8 Rd2+ 49. Kg1 Be4 50. Rf8 Rxg3+ 51. Kf1 Bg2+ 52. Kg1 Bb7+ 53.
Kf1 Ba6+ 54. Nd3 Bxd3+ 0-1

[Event "OPEN PLZEN 2021"]
[Site "Plzen (Ceska republika)"]
[Date "2021.08.29"]
[Round "9.5"]
[White "Krátký, Josef"]
[Black "Tauš, Martin"]
[Result "0-1"]
[WhiteElo "2058"]
[BlackElo "2099"]
[PlyCount "54"]
[EventDate "2021.08.23"]

1. Nf3 d6 2. e4 Nf6 3. Nc3 e5 4. d4 Nbd7 5. Bc4 Be7 6. O-O h6 7. Qe2 c6 8. a4
Qc7 9. Rd1 Nf8 10. a5 g5 11. a6 b5 12. Bxb5 cxb5 13. Nxb5 Qb8 14. dxe5 dxe5 15.
Qc4 Ne6 16. Qc6+ Bd7 17. Rxd7 Nxd7 18. Nxe5 Qc8 19. Nxa7 Qxc6 20. Nexc6 Bc5 21.
Nb5 Nb8 22. Nxb8 Rxb8 23. a7 Ra8 24. Ra4 Kd7 25. b4 Kc6 26. c4 Rhd8 27. Nc3
Rxa7 0-1

[Event "OPEN PLZEN 2021"]
[Site "Plzen (Ceska republika)"]
[Date "2021.08.29"]
[Round "9.6"]
[White "Kubát, Miroslav"]
[Black "Hodan, Jiří"]
[Result "1-0"]
[WhiteElo "2012"]
[BlackElo "1873"]
[PlyCount "53"]
[EventDate "2021.08.23"]

1. e4 e5 2. f4 Bc5 3. Nf3 d6 4. c3 Nf6 5. d4 exd4 6. cxd4 Bb6 7. Nc3 Nc6 8. Bb5
O-O 9. O-O Bg4 10. Be3 Ba5 11. h3 Bd7 12. Bd3 Re8 13. Nd2 Nb4 14. Bb1 Nbd5 15.
Nxd5 Nxd5 16. exd5 Rxe3 17. Nc4 Rxh3 18. gxh3 Bxh3 19. Rf2 Qh4 20. Qf3 Be1 21.
Bxh7+ Qxh7 22. Rxe1 Qg6+ 23. Kh1 Bf5 24. Rh2 b5 25. Na5 f6 26. Nc6 Kf7 27. Qe3
1-0

[Event "OPEN PLZEN 2021"]
[Site "Plzen (Ceska republika)"]
[Date "2021.08.29"]
[Round "9.7"]
[White "Šeterle, Matěj"]
[Black "Macho, Miloslav"]
[Result "1-0"]
[WhiteElo "1870"]
[BlackElo "1645"]
[PlyCount "71"]
[EventDate "2021.08.23"]

1. d3 d5 2. Nf3 Bg4 3. Nbd2 Nf6 4. c3 Nc6 5. Qa4 Bd7 6. Qc2 e5 7. e4 dxe4 8.
dxe4 Bd6 9. b4 a6 10. Bb2 O-O 11. a3 Bg4 12. c4 Re8 13. c5 Bf8 14. Be2 Nd4 15.
Nxd4 exd4 16. f3 Bh5 17. Nb3 Nxe4 18. fxe4 Qh4+ 19. g3 Qxe4 20. Qxe4 Rxe4 21.
Nxd4 Bxe2 22. Nxe2 Rae8 23. O-O-O Rxe2 24. Rd7 R2e7 25. Rhd1 Rxd7 26. Rxd7 Rc8
27. Be5 b6 28. c6 f6 29. Bxc7 g6 30. Kd2 Bh6+ 31. Kd3 Bf8 32. Kd4 b5 33. Kd5 f5
34. Be5 a5 35. c7 axb4 36. Rd8 1-0

[Event "OPEN PLZEN 2021"]
[Site "Plzen (Ceska republika)"]
[Date "2021.08.29"]
[Round "9.8"]
[White "Burda, Otto"]
[Black "Štěpánek, Vít"]
[Result "1/2-1/2"]
[WhiteElo "1797"]
[BlackElo "1520"]
[PlyCount "45"]
[EventDate "2021.08.23"]

1. d4 Nf6 2. Nf3 d5 3. c4 c6 4. cxd5 cxd5 5. Nc3 Nc6 6. Bf4 Qb6 7. Na4 Qa5+ 8.
Bd2 Qd8 9. Rc1 Bg4 10. e3 e6 11. Be2 Nb4 12. a3 Bxf3 13. gxf3 Nc6 14. Qb3 Rb8
15. Bd3 g6 16. Ke2 Nd7 17. h4 Bg7 18. Bc3 h5 19. Nc5 Nxc5 20. dxc5 d4 21. Bd2
O-O 22. f4 Qe7 23. e4 1/2-1/2

[Event "OPEN PLZEN 2021"]
[Site "Plzen (Ceska republika)"]
[Date "2021.08.29"]
[Round "9.9"]
[White "Kalista, Karel"]
[Black "Pevný, František"]
[Result "0-1"]
[WhiteElo "1631"]
[BlackElo "1703"]
[PlyCount "104"]
[EventDate "2021.08.23"]

1. Nf3 c5 2. c4 Nf6 3. e3 g6 4. d4 cxd4 5. exd4 d6 6. Nc3 Bg7 7. Be2 O-O 8. O-O
a6 9. h3 Re8 10. Bf4 Nbd7 11. Qd2 b6 12. Rad1 Bb7 13. Qc2 d5 14. b3 Rc8 15. Qd2
dxc4 16. bxc4 Ne4 17. Nxe4 Bxe4 18. Ng5 Bb7 19. Nf3 Bxf3 20. gxf3 e5 21. Be3
exd4 22. Bxd4 Bxd4 23. Qxd4 Rxe2 24. Qxd7 Qxd7 25. Rxd7 Rxc4 26. Rd6 Rb4 27. a3
Rb3 28. a4 Ra2 29. Rd4 Raa3 30. h4 Rxf3 31. Rb1 Rab3 32. Rxb3 Rxb3 33. Kf1 a5
34. Ke2 Kg7 35. Kd2 Kf6 36. Kc2 Rb4 37. Rxb4 axb4 38. Kb3 Ke6 39. Kxb4 Kd6 40.
Kb5 Kc7 41. f4 f6 42. Kb4 Kc6 43. Kc4 h6 44. Kb4 g5 45. fxg5 fxg5 46. hxg5 hxg5
47. Kc4 g4 48. Kd4 g3 49. Ke3 Kc5 50. Kf3 Kb4 51. Kxg3 Kxa4 52. Kf3 Kb3 0-1

[Event "OPEN PLZEN 2021"]
[Site "Plzen (Ceska republika)"]
[Date "2021.08.29"]
[Round "9.10"]
[White "Zoufalý, Petr"]
[Black "Roubal, František"]
[Result "1/2-1/2"]
[WhiteElo "1669"]
[BlackElo "1215"]
[PlyCount "102"]
[EventDate "2021.08.23"]

1. d4 d5 2. Nf3 Bf5 3. e3 c6 4. Be2 Nf6 5. Nbd2 h6 6. O-O e6 7. c4 Nbd7 8. a3
a6 9. b4 b5 10. cxd5 cxd5 11. Nb3 Ne4 12. Bb2 Nb6 13. Ra2 Be7 14. Nfd2 Nxd2 15.
Qxd2 O-O 16. f3 Qd7 17. Bc1 Rfc8 18. Bd3 Bxd3 19. Qxd3 Nc4 20. Nc5 Qe8 21. Bd2
Rc6 22. Rfa1 Qc8 23. a4 bxa4 24. Nxa4 Rb8 25. Nc5 Ra8 26. b5 Rb6 27. Rxa6 Raxa6
28. bxa6 Bxc5 29. dxc5 Rxa6 30. Rxa6 Qxa6 31. Qc3 Qb5 32. Qb4 Qxb4 33. Bxb4 Kf8
34. Kf2 Ke8 35. Ke2 g6 36. f4 f5 37. h3 Kd7 38. Bc3 Kc6 39. Bd4 Na5 40. Kf3 Nb3
41. g4 Nxc5 42. Bg7 Kd7 43. Bxh6 fxg4+ 44. Kxg4 Ke8 45. Bg7 Kf7 46. Bd4 Ne4 47.
h4 Nd6 48. h5 gxh5+ 49. Kxh5 Ne4 50. Kg4 Nf2+ 51. Kg5 Ne4+ 1/2-1/2